|
|
|
|
| LEADER |
00000cam a2200000 7i4500 |
| 001 |
0000048321 |
| 005 |
20150613.0 |
| 008 |
150613 |
| 020 |
|
|
|a 9838981729
|
| 090 |
0 |
0 |
|a PR
|b MAL
|
| 100 |
1 |
|
|a Zambri Zakaria
|
| 245 |
1 |
0 |
|a Jamilah Jatuh Sakit
|c Zambri Zakaria
|
| 260 |
|
|
|a Taman Melaka Raya :
|b Pustaka Ilham ,
|c 2002
|
| 300 |
|
|
|a 22pg :
|b col.ill
|
| 490 |
1 |
|
|a Siri Amalan Nilai Murni
|
| 650 |
|
0 |
|a Malay Fiction
|
| 999 |
|
|
|a 0000921511
|b Book
|c Children Collection
|e Cawangan Bukit Gambir
|
| 999 |
|
|
|a 0000921512
|b Book
|c Children Collection
|e Cawangan Bukit Gambir
|
| 999 |
|
|
|a 0000928236
|b Book
|c Children Collection
|e Cawangan Tangkak
|
| 999 |
|
|
|a 0000928238
|b Book
|c Children Collection
|e Cawangan Tangkak
|